<?xml version="1.0" encoding="UTF-8"?><marc:collection xmlns:marc="http://www.loc.gov/MARC21/slim">
  <marc:record>
    <marc:leader>02461nas a2200529 c 4500</marc:leader>
    <marc:controlfield tag="001">010063315</marc:controlfield>
    <marc:controlfield tag="003">DE-101</marc:controlfield>
    <marc:controlfield tag="005">20250311204500.0</marc:controlfield>
    <marc:controlfield tag="007">tu</marc:controlfield>
    <marc:controlfield tag="008">991118d19071939ja u||p|  ||| 0||||1||| c</marc:controlfield>
    <marc:datafield tag="016" ind1="7" ind2=" ">
      <marc:subfield code="2">DE-600</marc:subfield>
      <marc:subfield code="a">957385-9</marc:subfield>
    </marc:datafield>
    <marc:datafield tag="016" ind1="7" ind2=" ">
      <marc:subfield code="2">DE-101</marc:subfield>
      <marc:subfield code="a">010063315</marc:subfield>
    </marc:datafield>
    <marc:datafield tag="030" ind1=" " ind2=" ">
      <marc:subfield code="a">FKIZA</marc:subfield>
    </marc:datafield>
    <marc:datafield tag="035" ind1=" " ind2=" ">
      <marc:subfield code="a">(DE-599)ZDB957385-9</marc:subfield>
    </marc:datafield>
    <marc:datafield tag="035" ind1=" " ind2=" ">
      <marc:subfield code="a">(OCoLC)1411684206</marc:subfield>
    </marc:datafield>
    <marc:datafield tag="040" ind1=" " ind2=" ">
      <marc:subfield code="a">9001</marc:subfield>
      <marc:subfield code="b">ger</marc:subfield>
      <marc:subfield code="c">DE-101</marc:subfield>
      <marc:subfield code="d">9999</marc:subfield>
    </marc:datafield>
    <marc:datafield tag="042" ind1=" " ind2=" ">
      <marc:subfield code="a">zdb</marc:subfield>
    </marc:datafield>
    <marc:datafield tag="044" ind1=" " ind2=" ">
      <marc:subfield code="c">XB-JP</marc:subfield>
    </marc:datafield>
    <marc:datafield tag="082" ind1="7" ind2="4">
      <marc:subfield code="a">610</marc:subfield>
      <marc:subfield code="q">DE-600</marc:subfield>
      <marc:subfield code="2">22sdnb</marc:subfield>
    </marc:datafield>
    <marc:datafield tag="084" ind1=" " ind2=" ">
      <marc:subfield code="a">ASIEN</marc:subfield>
      <marc:subfield code="q">DE-1a</marc:subfield>
      <marc:subfield code="2">fid</marc:subfield>
    </marc:datafield>
    <marc:datafield tag="110" ind1="2" ind2=" ">
      <marc:subfield code="6">880-04/Latn</marc:subfield>
      <marc:subfield code="0">(DE-588)21219-2</marc:subfield>
      <marc:subfield code="0">https://d-nb.info/gnd/21219-2</marc:subfield>
      <marc:subfield code="0">(DE-101)000212199</marc:subfield>
      <marc:subfield code="a">Fukuoka Ika Daigaku</marc:subfield>
      <marc:subfield code="e">Verfasser</marc:subfield>
      <marc:subfield code="4">aut</marc:subfield>
      <marc:subfield code="2">gnd</marc:subfield>
    </marc:datafield>
    <marc:datafield tag="210" ind1="0" ind2="0">
      <marc:subfield code="a">Fukuoka Igaku Zasshi</marc:subfield>
    </marc:datafield>
    <marc:datafield tag="210" ind1="0" ind2="0">
      <marc:subfield code="a">Fukuoka acta Med.</marc:subfield>
    </marc:datafield>
    <marc:datafield tag="245" ind1="1" ind2="0">
      <marc:subfield code="6">880-01/Latn</marc:subfield>
      <marc:subfield code="a">Fukuoka Ika Daigaku Zasshi</marc:subfield>
      <marc:subfield code="b">= Fukuoka acta medica = Fukuoka-ikwadaigaku-zasshi / Kyūshū Teikoku Daigaku Igakubu Zasshibu</marc:subfield>
    </marc:datafield>
    <marc:datafield tag="246" ind1="1" ind2="1">
      <marc:subfield code="a">Fukuoka acta medica</marc:subfield>
    </marc:datafield>
    <marc:datafield tag="246" ind1="1" ind2="1">
      <marc:subfield code="a">Fukuoka-ikwadaigaku-zasshi / Kyūshū Teikoku Daigaku Igakubu Zasshibu</marc:subfield>
    </marc:datafield>
    <marc:datafield tag="246" ind1="3" ind2=" ">
      <marc:subfield code="6">880-02/Latn</marc:subfield>
      <marc:subfield code="a">Fukuoka Ika Daigaku Zasshi</marc:subfield>
    </marc:datafield>
    <marc:datafield tag="246" ind1="3" ind2=" ">
      <marc:subfield code="6">880-03/Latn</marc:subfield>
      <marc:subfield code="a">Fukuoka Ika Daigaku Zasshi</marc:subfield>
    </marc:datafield>
    <marc:datafield tag="246" ind1="1" ind2=" ">
      <marc:subfield code="i">Abweichende Wortbildung des Haupttitels</marc:subfield>
      <marc:subfield code="a">Fukuoka-ika-daigaku-zasshi</marc:subfield>
    </marc:datafield>
    <marc:datafield tag="264" ind1="3" ind2="1">
      <marc:subfield code="6">880-05/Latn</marc:subfield>
      <marc:subfield code="a">Fukuoka, Fukuoka-ken</marc:subfield>
      <marc:subfield code="b">[Verlag nicht ermittelbar]</marc:subfield>
      <marc:subfield code="c">1907-1939</marc:subfield>
    </marc:datafield>
    <marc:datafield tag="336" ind1=" " ind2=" ">
      <marc:subfield code="a">Text</marc:subfield>
      <marc:subfield code="b">txt</marc:subfield>
      <marc:subfield code="2">rdacontent</marc:subfield>
    </marc:datafield>
    <marc:datafield tag="337" ind1=" " ind2=" ">
      <marc:subfield code="a">ohne Hilfsmittel zu benutzen</marc:subfield>
      <marc:subfield code="b">n</marc:subfield>
      <marc:subfield code="2">rdamedia</marc:subfield>
    </marc:datafield>
    <marc:datafield tag="338" ind1=" " ind2=" ">
      <marc:subfield code="a">Band</marc:subfield>
      <marc:subfield code="b">nc</marc:subfield>
      <marc:subfield code="2">rdacarrier</marc:subfield>
    </marc:datafield>
    <marc:datafield tag="362" ind1="0" ind2=" ">
      <marc:subfield code="a">1.1907 - 32.1939</marc:subfield>
    </marc:datafield>
    <marc:datafield tag="363" ind1="0" ind2="0">
      <marc:subfield code="8">1.1\x</marc:subfield>
      <marc:subfield code="a">1</marc:subfield>
      <marc:subfield code="i">1907</marc:subfield>
    </marc:datafield>
    <marc:datafield tag="363" ind1="1" ind2="0">
      <marc:subfield code="8">1.2\x</marc:subfield>
      <marc:subfield code="a">32</marc:subfield>
      <marc:subfield code="i">1939</marc:subfield>
    </marc:datafield>
    <marc:datafield tag="546" ind1=" " ind2=" ">
      <marc:subfield code="a">Text japan., Zsfassung dt</marc:subfield>
    </marc:datafield>
    <marc:datafield tag="591" ind1=" " ind2=" ">
      <marc:subfield code="a">C ̂</marc:subfield>
    </marc:datafield>
    <marc:datafield tag="655" ind1=" " ind2="7">
      <marc:subfield code="0">(DE-588)4067488-5</marc:subfield>
      <marc:subfield code="0">https://d-nb.info/gnd/4067488-5</marc:subfield>
      <marc:subfield code="0">(DE-101)040674886</marc:subfield>
      <marc:subfield code="a">Zeitschrift</marc:subfield>
      <marc:subfield code="2">gnd-content</marc:subfield>
    </marc:datafield>
    <marc:datafield tag="785" ind1="0" ind2="0">
      <marc:subfield code="6">880-06/Latn</marc:subfield>
      <marc:subfield code="i">Forts.:</marc:subfield>
      <marc:subfield code="a">Kyūshū Daigaku / Igakubu</marc:subfield>
      <marc:subfield code="t">Fukuoka igaku zasshi</marc:subfield>
      <marc:subfield code="d">Fukuoka : Fukuoka Igakkai, 1940-2023</marc:subfield>
      <marc:subfield code="x">0016-254X</marc:subfield>
      <marc:subfield code="w">(DE-600)41251-X</marc:subfield>
      <marc:subfield code="w">(DE-101)010364714</marc:subfield>
    </marc:datafield>
    <marc:datafield tag="850" ind1=" " ind2=" ">
      <marc:subfield code="a">DE-101a</marc:subfield>
    </marc:datafield>
    <marc:datafield tag="880" ind1="3" ind2=" ">
      <marc:subfield code="6">246-02/Jpan</marc:subfield>
      <marc:subfield code="a">福岡醫科大學雜誌</marc:subfield>
    </marc:datafield>
    <marc:datafield tag="880" ind1="3" ind2=" ">
      <marc:subfield code="6">246-03/Kana</marc:subfield>
      <marc:subfield code="a">フクオカ イカ ダイガク ザッシ</marc:subfield>
    </marc:datafield>
    <marc:datafield tag="880" ind1="2" ind2=" ">
      <marc:subfield code="6">110-04/Jpan</marc:subfield>
      <marc:subfield code="0">(DE-588)21219-2</marc:subfield>
      <marc:subfield code="0">https://d-nb.info/gnd/21219-2</marc:subfield>
      <marc:subfield code="0">(DE-101)000212199</marc:subfield>
      <marc:subfield code="a">福岡医科大学</marc:subfield>
      <marc:subfield code="e">Verfasser</marc:subfield>
      <marc:subfield code="4">aut</marc:subfield>
      <marc:subfield code="2">gnd</marc:subfield>
    </marc:datafield>
    <marc:datafield tag="880" ind1="3" ind2="1">
      <marc:subfield code="6">264-05/Jpan</marc:subfield>
      <marc:subfield code="a">福岡, 福岡県</marc:subfield>
      <marc:subfield code="b">[Verlag nicht ermittelbar]</marc:subfield>
      <marc:subfield code="c">1907-1939</marc:subfield>
    </marc:datafield>
    <marc:datafield tag="880" ind1="0" ind2="0">
      <marc:subfield code="6">785-06/Jpan</marc:subfield>
      <marc:subfield code="i">Forts.:</marc:subfield>
      <marc:subfield code="a">九州大学 &lt;福岡&gt; / 医学部</marc:subfield>
      <marc:subfield code="t">福岡医学雑誌</marc:subfield>
      <marc:subfield code="d">Fukuoka : Fukuoka Igakkai, 1940-2023</marc:subfield>
      <marc:subfield code="x">0016-254X</marc:subfield>
      <marc:subfield code="w">(DE-600)41251-X</marc:subfield>
      <marc:subfield code="w">(DE-101)010364714</marc:subfield>
    </marc:datafield>
    <marc:datafield tag="880" ind1="1" ind2="0">
      <marc:subfield code="6">245-01/Jpan</marc:subfield>
      <marc:subfield code="a">福岡医科大学雑誌 / 九州帝国大学医学部雑誌部</marc:subfield>
    </marc:datafield>
  </marc:record>
</marc:collection>
